000 00396nam a22001577a 4500
005 20260227125141.0
008 260227b |||||||| |||| 00| 0 eng d
041 _aeng
082 _a510.954 HAV-K
100 _aHAYASHI , TAKAYO
_98878
245 _aGANITAMANJARI OF GANESA
260 _aNEW DELHI
_bINDIAN NATIONAL SCIENCE ACADEMY
_c2013
300 _a122;P
650 _aBGP
_98859
942 _cBK
999 _c9053
_d9051